Manchester United's Class of '92 - Statistics

General Stats
  • This quiz has been taken 50 times
  • The average score is 6 of 7
Answer Stats
Position In United Player % Correct
Manager 1986–2013 Sir Alex Ferguson
100%
RB 1992–2011 Gary Neville
98%
FB 1994–2005 Phil Neville
98%
CM 1994–2013 Paul Scholes
95%
LW 1990–2014 Ryan Giggs
90%
RW 1992–2003 David Beckham
88%
DM 1992–2004 Nicky Butt
56%
No matching quizzes found
Score Distribution
Percent of People with Each Score
Percentile by Number Answered
Your Score History
You have not taken this quiz